书目信息 |
| 题名: |
TCP/IP网络互连技术 卷3:客户服务器编程和应用:BSD套接字版
|
|
| 作者: | 科默 著 | |
| 分册: | ||
| 出版信息: | 北京 清华大学出版社 1998.09 |
|
| 页数: | 519页 | |
| 开本: | 32开 | |
| 丛书名: | ||
| 单 册: | ||
| 中图分类: | ||
| 科图分类: | ||
| 主题词: | 计算机应用 | |
| 电子资源: | ||
| ISBN: | 7-302-02948-2 | |
| 000 | 00769nam0 2200217 45 | |
| 001 | 9911161161 | |
| 005 | 19991116152318.0 | |
| 010 | @a7-302-02948-2@d32.00元 | |
| 100 | @a19991116d1998 km y0chiy0120 ea | |
| 101 | @achi | |
| 105 | @a z 000yy | |
| 200 | 1 | @aTCP/IP网络互连技术 卷3:客户服务器编程和应用:BSD套接字版@ATCP/IP Wang Luo Hu Lian Ji Shu Juan 3:KeHu Fu Wu Qi Bian Cheng He Ying Yong:BSD Tao Jie Zi Ban@f科默(Comer,D.E.),史蒂文斯(Stevens,D.L.)著@FKe Mo(Comer,D.E.),Shi Di Wen Si(Stevens,D.L.)Zhu |
| 205 | @a2 | |
| 210 | @a北京@c清华大学出版社@d1998.09 | |
| 215 | @a519页@d32开 | |
| 606 | 0 | @a计算机应用 |
| 690 | @v3 | |
| 690 | @aTP393.4@v3 | |
| 701 | @a科默@bComer,D.E.@4著 | |
| 801 | @aCN@bPFTUser@c19991116 | |
| 905 | @f2@b44012-013@dTP393.4@eK.038/1 | |
| TCP/IP网络互连技术 卷3:客户服务器编程和应用:BSD套接字版/科默(Comer,D.E.),史蒂文斯(Stevens,D.L.)著.-2.-北京:清华大学出版社,1998.09 |
| 519页;32开 |
| ISBN 7-302-02948-2:32.00元 |
| ● |
| 相关链接 |
|
|
|
正题名:TCP/IP网络互连技术卷3:客户服务器编程和应
索取号:TP393.4/K.038/1
 
预约/预借
| 序号 | 登录号 | 条形码 | 馆藏地/架位号 | 状态 | 备注 |
| 1 | 44012 | 200440120 | 自科二线404/404自科库 15排4列2层/ [索取号:TP393.4/K.038/1] | 在馆 | |
| 2 | 44013 | 200440139 | 自科库301/301自科库 133排2列5层/ [索取号:TP393.4/K.038/1] | 在馆 |